00640nam a22001097a 4500008004100000100002500041245003100066260001200097300003100109520037800140773001200518221012b ||||| |||| 00| 0 eng d aChoudhary, Yasin M.  aUniversal coverage in J&K aYojana  a 66(9), Sep, 2022: p.51-55 aThe Ayushman Bharat health and wellness centre programme (AB-HWC) of NHM, which includes the establishment of health and wellness centers (HWC) is the biggest intervention in strengthening primary level healthcare in recent years by moving from selective primary health caser to comprehensive primary health care (CPHC) to achieve universal health coverage. – Reproduced  aYojana